| 000 | 00752nam a2200193 i 4500 | ||
|---|---|---|---|
| 001 | 184963 | ||
| 003 | ES-MaACL | ||
| 005 | 20230906222323.0 | ||
| 008 | 160229s1897 sp |||| | spa d | ||
| 100 | 1 |
_aVives Ginard, Antonio. _9158889 |
|
| 245 | 1 | 0 |
_aCatálogo, precio-corriente, de los sellos de correo y telégrafo de España y sus colonias / _cAntonio Vives Ginard. |
| 260 |
_aMadrid : _b[s.n.], _c1897 ( _fM. Romero, imp.) |
||
| 300 |
_a157 p. : _bil. ; _c19 cm. |
||
| 530 | _aDisponible en formato digital. | ||
| 650 |
_aSellos de correos- _zEspaña. _9171984 |
||
| 650 |
_aSellos de correos- _vCatálogos. _917032 |
||
| 852 |
_aES-MaACL _jB-1064 |
||
| 856 |
_uhttp://bdh-rd.bne.es/viewer.vm?id=0000077512&page=1 _zBiblioteca Digital Hispánica |
||
| 999 |
_c184963 _d184963 |
||